Confraternity teacher's guide : (Record no. 9620)

MARC details
000 -LEADER
fixed length control field 00624nam a22001817a 4500
003 - CONTROL NUMBER IDENTIFIER
control field OSt
005 - DATE AND TIME OF LATEST TRANSACTION
control field 20260421090342.0
008 - FIXED-LENGTH DATA ELEMENTS--GENERAL INFORMATION
fixed length control field 260421b |||||||| |||| 00| 0 eng d
020 ## - INTERNATIONAL STANDARD BOOK NUMBER
International Standard Book Number 6015227
040 ## - CATALOGING SOURCE
Original cataloging agency DWCL-Main lib
Transcribing agency OC
082 ## - DEWEY DECIMAL CLASSIFICATION NUMBER
Classification number Circ. 207 C694 1960
100 ## - MAIN ENTRY--PERSONAL NAME
Personal name Collins, Joseph REV.
245 ## - TITLE STATEMENT
Title Confraternity teacher's guide :
Remainder of title a textbook for the training of teachers in ccd schools of religion/
Statement of responsibility, etc. Collins, Joseph REV.
260 ## - PUBLICATION, DISTRIBUTION, ETC.
Place of publication, distribution, etc. Milwaukee :
Name of publisher, distributor, etc. The Bruce Publishing Company,
Date of publication, distribution, etc. c1960
300 ## - PHYSICAL DESCRIPTION
Extent xxix, 458 pages :
Other physical details illustrations ;
Dimensions 21cm.
504 ## - BIBLIOGRAPHY, ETC. NOTE
Bibliography, etc. note Includes index.
942 ## - ADDED ENTRY ELEMENTS (KOHA)
Source of classification or shelving scheme Dewey Decimal Classification
Koha item type Book Circulation
Classification part Circ.
Suppress in OPAC No
952 ## - LOCATION AND ITEM INFORMATION (KOHA)
--
Holdings
Withdrawn status Lost status Source of classification or shelving scheme Damaged status Not for loan Home library Current library Shelving location Date acquired Total Checkouts Full call number Barcode Date last seen Copy number Price effective from Koha item type Uniform Resource Identifier
    Dewey Decimal Classification     College Library College Library Circulation 04/21/2026   Circ. 207 C694 1960 CL11845 04/21/2026 c1 04/21/2026 BK-CIRC